Máximos goleadores de la Premier League 2011-2012 - Estadísticas

Estadísticas generales
  • Esta prueba ha sido intentada 68 veces
  • La puntuación promedio es 7 de 11
Estadísticas de respuestas
Goles Nacionalidad Equipo Jugador % Correcto
30 Países Bajos Arsenal Robin van Persie
100%
23 Argentina Manchester City Sergio Agüero
98%
27 Inglaterra Manchester United Wayne Rooney
97%
14 Bosnia y Herzegovina Manchester City Edin Džeko
89%
16 Senegal Newcastle United Demba Ba
83%
13 Italia Manchester City Mario Balotelli
83%
17 Togo Tottenham Hotspur Emmanuel Adebayor
71%
17 Estados Unidos Fulham Clint Dempsey
68%
13 Senegal Newcastle United Papiss Cissé
33%
15 Inglaterra Norwich City Grant Holt
0%
17 Nigeria Blackburn Rovers Yakubu Ayegbeni
0%
No se encontraron pruebas coincidentes
Distribución de puntuación
Porcentaje de gente con cada puntuación
Porcentaje por número respondido
Historial de tus puntuaciones
No has intentado esta prueba.